Violencia y abusos sexuales en la familia. Un abordaje sistémico y comunicacional (Registro nro. 1099)
[ vista simple ]
| 000 -LEADER | |
|---|---|
| fixed length control field | 00419nam a22001097a 4500 |
| 008 - FIXED-LENGTH DATA ELEMENTS--GENERAL INFORMATION | |
| fixed length control field | 120830t ag ||||| |||| 00| 0 spa d |
| 100 ## - MAIN ENTRY--PERSONAL NAME | |
| Personal name | Reynaldo Perrone; Martine Nannini |
| 9 (RLIN) | 1806 |
| 245 ## - TITLE STATEMENT | |
| Title | Violencia y abusos sexuales en la familia. Un abordaje sistémico y comunicacional |
| 260 ## - PUBLICATION, DISTRIBUTION, ETC. (IMPRINT) | |
| Place of publication, distribution, etc | Buenos Aires |
| Name of publisher, distributor, etc | Paidos |
| Date of publication, distribution, etc | 1998 |
| 500 ## - GENERAL NOTE | |
| General note | Fotocopia |
| Withdrawn status | Lost status | Source of classification or shelving scheme | Damaged status | Not for loan | Location (home branch) | Sublocation or collection (holding branch) | Date acquired | Koha issues (times borrowed) | Piece designation (barcode) | Koha date last seen | Copy number | Price effective from | Koha item type | Public note |
|---|---|---|---|---|---|---|---|---|---|---|---|---|---|---|
| Dewey Decimal Classification | Biblioteca Medicina | Biblioteca Medicina | 30/08/2012 | TR165 | 06/11/2014 | Copia | 30/08/2012 | Libros | Fotocopia |